000 01070nam a2200229 a 4500
001 83438
003 BD-RjUL
005 20250430103337.0
008 240321s1974 ii |||||||||||||||||urd d
035 _a(BD-RjUL)83438
040 _aNNL
_bara
_cBD-RjUL
041 0 _aurd
082 _223
_a954.092
_bAZG 1974
100 1 _aآزاد، ابو الكلام،
_d1888-1958
_912474
245 1 0 _a غبار خاطر : قلعۂ احمدنگر کى اسىرى (از 19 اگست 42 تا 15 جون 1945) کے زمانے کى بعضى تحرىرات / G̲h̲ubār-i k̲h̲āt̤ir : Qilʻah-yi Aḥmadnagar kī asīrī (az 19 Agast 42 tā 15 Jūn 1945) ke zamāne kī baʻẓī taḥrīrāt /
_cاز ابوالكلام آزاد ؛ مرتبه مالك رام. Abūlkalām Āzād martabah Malik Ram
260 _aنئى دلى :
_bساهتيه اكادمى،
_c1974.
300 _a308 p. ص.
_c18 cm
650 _aPersonal correspondence Statesmen
_912475
650 _a Statesmen India Correspondence
_912476
700 1 _a Ram, Malik ;; رام، مالك
_915371
942 _2ddc
_cBK
999 _c83438
_d83438